000 00620nam a2200205Ia 4500
003 GCL
008 140319s9999 xx 000 0 ara d
040 _aGCL /
_cGCL
082 0 4 _a509
_bح ع
100 1 _aحصة الصباح
245 1 0 _aالعلوم عند المسلمين /
_cحصة الصباح
260 _a[S.N] :
_bمؤسسة الكويت للتقدم العلمى ،
_c1985
490 _a
650 0 4 _aالتراث
650 0 4 _aالاسلام والعلم
650 0 4 _aالثقافة
650 0 4 _aالعلوم عند العرب
650 0 4 _aالحضارة الاسلامية
942 _2ddc
_cBK
999 _c27957
_d27957